| 000 | 00415nam a22001337a 4500 | ||
|---|---|---|---|
| 082 |
_a385.1 _bGAL _cD |
||
| 100 |
_aThompson, Alice Galenson Louis S. _938353 |
||
| 245 |
_aForms of private sector participation in railways _cAlice Galenson Louis S. Thompson, |
||
| 260 |
_aAmerica: _bThe World Bank, _c1993. |
||
| 300 | _a16 p.: | ||
| 526 |
_a0 _b0 _c0 _d385_100000000000000_GAL |
||
| 650 |
_aMCE _9379 |
||
| 942 |
_2ddc _cBK |
||
| 999 |
_c542963 _d542963 |
||